[Event "AUTO-MASTER-3176"]
[Site "http://www.queenalice.com/game.php?id=1816530"]
[Date "2023.7.17"]
[Round "1"]
[White "jogador58"]
[Black "sivip"]
[Result "1-0"]
[WhiteElo "2161"]
[BlackElo "2060"]

1. e4 c6 2. Nf3 d5 3. Nc3 dxe4 4. Nxe4 Nf6 5. Nxf6+ exf6 6. d4 Bd6 7. Bd3 O-O 8.
O-O Bg4 9. c3 Re8 10. h3 Bh5 11. g4 Bg6 12. Bxg6 hxg6 13. Re1 Nd7 14. Rxe8+ Qxe8
15. Bd2 Nf8 16. Kg2 g5 17. Qb3 Qd7 18. Re1 Rd8 19. Qc2 Bc7 20. Qa4 1-0

[Event "AUTO-MASTER-3176"]
[Site "http://www.queenalice.com/game.php?id=1816531"]
[Date "2023.7.17"]
[Round "1"]
[White "sivip"]
[Black "jogador58"]
[Result "0-1"]
[WhiteElo "2048"]
[BlackElo "2170"]

1. e4 c6 2. d4 d5 3. exd5 cxd5 4. Bd3 Nc6 5. c3 Nf6 6. h3 e6 7. Nf3 h6 8. O-O
Bd6 9. Re1 O-O 10. Ne5 a6 11. Nd2 Qc7 12. Ndf3 Nd7 13. Qe2 Ndxe5 14. dxe5 Bc5
15. Bc2 Ne7 16. Qd3 Ng6 17. Be3 b5 18. Bxc5 Qxc5 19. h4 Qc4 20. Qd2 Nxh4 0-1

[Event "AUTO-MASTER-3176"]
[Site "http://www.queenalice.com/game.php?id=1816542"]
[Date "2023.7.17"]
[Round "1"]
[White "Merlin_AAC"]
[Black "sivip"]
[Result "1-0"]
[WhiteElo "2012"]
[BlackElo "1999"]

1. d4 d5 2. c4 e6 3. e3 Nf6 4. Nc3 Nbd7 5. c5 c6 6. Bd3 e5 7. Bc2 b6 8. b4 a5 9.
b5 exd4 10. exd4 bxc5 11. a4 cxd4 12. Qxd4 Bc5 13. Qf4 cxb5 14. Nxb5 1-0

[Event "AUTO-MASTER-3176"]
[Site "http://www.queenalice.com/game.php?id=1816543"]
[Date "2023.7.17"]
[Round "1"]
[White "sivip"]
[Black "Merlin_AAC"]
[Result "0-1"]
[WhiteElo "1984"]
[BlackElo "2027"]

1. e4 e6 2. d4 d5 3. Nd2 Nc6 4. Ngf3 a6 5. e5 Bd7 6. a3 Be7 7. Bd3 Nh6 8. Nf1
Nf5 9. c3 O-O 10. Ng3 Nh4 11. Nxh4 Bxh4 12. Qh5 g6 13. Qh6 f5 14. exf6 Qxf6 15.
O-O e5 16. dxe5 Nxe5 0-1

[Event "AUTO-MASTER-3176"]
[Site "http://www.queenalice.com/game.php?id=1816548"]
[Date "2023.7.17"]
[Round "1"]
[White "kubinet"]
[Black "sivip"]
[Result "1-0"]
[WhiteElo "1960"]
[BlackElo "2017"]

1. e4 c6 2. d4 d5 3. Nc3 dxe4 4. Nxe4 Nf6 5. Nxf6+ exf6 6. Bf4 Be7 7. Nf3 O-O 8.
Be2 Bg4 9. O-O Re8 10. h3 Bh5 11. Re1 Nd7 12. c3 Nf8 13. Qc2 Bg6 14. Bd3 Bxd3
15. Qxd3 1-0

[Event "AUTO-MASTER-3176"]
[Site "http://www.queenalice.com/game.php?id=1816549"]
[Date "2023.7.17"]
[Round "1"]
[White "sivip"]
[Black "kubinet"]
[Result "0-1"]
[WhiteElo "2037"]
[BlackElo "1940"]

1. e4 c5 2. Nf3 Nc6 3. Bb5 g6 4. O-O Bg7 5. Re1 Qc7 6. c3 d6 7. d4 cxd4 8. cxd4
Bd7 9. Nc3 Nf6 10. h3 O-O 11. Be3 a6 12. Bf1 b5 13. Rc1 Qb7 14. e5 Ne8 15. Bf4
Rd8 16. Qc2 Rc8 0-1

[Event "AUTO-OPEN-4461"]
[Site "http://www.queenalice.com/game.php?id=1816616"]
[Date "2023.7.19"]
[Round "1"]
[White "ChessColossos"]
[Black "sivip"]
[Result "1-0"]
[WhiteElo "2190"]
[BlackElo "1810"]

1. e4 c6 2. d4 d5 3. Nc3 dxe4 4. Nxe4 Nf6 5. Nxf6+ exf6 6. Nf3 Bd6 7. Be2 O-O 8.
O-O Re8 9. Re1 Bg4 10. h3 Bh5 11. Be3 Nd7 12. Nd2 Bxe2 13. Rxe2 Nf8 14. a3 Qd7
15. Nb3 Ne6 16. c4 Rad8 17. d5 cxd5 18. cxd5 Nf4 19. Bxf4 Rxe2 20. Qxe2 Bxf4 21.
Rd1 Bd6 22. Na5 g6 23. a4 Bb4 24. Nc4 Qxa4 25. Qf1 Qb3 26. Qd3 1-0

[Event "AUTO-OPEN-4461"]
[Site "http://www.queenalice.com/game.php?id=1816617"]
[Date "2023.7.19"]
[Round "1"]
[White "sivip"]
[Black "ChessColossos"]
[Result "0-1"]
[WhiteElo "1808"]
[BlackElo "2191"]

1. e4 e5 2. Nf3 Nc6 3. Bb5 Nf6 4. d3 d6 5. c3 g6 6. Nbd2 Bg7 7. O-O Bd7 8. Re1
O-O 9. Nf1 a6 10. Ba4 b5 11. Bc2 Bg4 12. h3 Bxf3 13. Qxf3 Nd7 14. Ng3 Qf6 15.
Qg4 Qe6 16. Qe2 Qe7 17. a4 Rfb8 18. b4 Na7 19. Nf1 c5 20. Ne3 Nf6 21. Bd2 Bh6
22. Reb1 Bxe3 23. Bxe3 Nd7 24. d4 c4 25. dxe5 dxe5 26. Bxa7 Rxa7 27. axb5 Rxb5
28. Qxc4 Rb8 29. Rxa6 Rxa6 0-1

[Event "AUTO-OPEN-4461"]
[Site "http://www.queenalice.com/game.php?id=1816640"]
[Date "2023.7.19"]
[Round "1"]
[White "brumbaz"]
[Black "sivip"]
[Result "0-1"]
[WhiteElo "1583"]
[BlackElo "2058"]

1. e4 c6 2. Nf3 d5 3. e5 Bg4 4. Be2 e6 5. d4 c5 6. O-O Nc6 7. c3 cxd4 8. cxd4
Nge7 9. Nh4 Bxe2 10. Qxe2 Nxd4 11. Qd3 Ndc6 12. Nf3 Nf5 13. Nbd2 Be7 14. Nb3 O-O
15. Re1 a5 16. Qb5 a4 17. Qxb7 axb3 0-1

[Event "AUTO-OPEN-4477"]
[Site "http://www.queenalice.com/game.php?id=1822330"]
[Date "2023.10.4"]
[Round "1"]
[White "ricardoguevara"]
[Black "sivip"]
[Result "1-0"]
[WhiteElo "1588"]
[BlackElo "1963"]

1. e4 c6 2. Nf3 d5 3. Bd3 dxe4 4. Bxe4 Nf6 5. Nc3 Nxe4 6. Nxe4 Bg4 7. O-O e6 8.
d4 Nd7 9. Qd3 Nf6 10. Bg5 Be7 11. Ne5 Bf5 12. g4 Bxe4 13. Qe2 Bg6 14. Rad1 Nd7
15. Bxe7 Qxe7 16. c4 1-0

[Event "AUTO-OPEN-4477"]
[Site "http://www.queenalice.com/game.php?id=1822331"]
[Date "2023.10.4"]
[Round "1"]
[White "sivip"]
[Black "ricardoguevara"]
[Result "0-1"]
[WhiteElo "1933"]
[BlackElo "1618"]

1. e4 e5 2. Nf3 Nc6 3. Bb5 Nf6 4. d3 Bb4+ 5. c3 Bc5 6. Bxc6 dxc6 7. Nxe5 O-O 8.
O-O Ng4 9. Nxg4 Bd6 10. f4 Qh4 11. Ne5 Bxe5 12. fxe5 Bg4 13. Qe1 Qh5 14. d4 Rae8
15. Bf4 b6 16. Nd2 c5 0-1

[Event "AUTO-OPEN-4477"]
[Site "http://www.queenalice.com/game.php?id=1822350"]
[Date "2023.10.4"]
[Round "1"]
[White "rockaudrey"]
[Black "sivip"]
[Result "1-0"]
[WhiteElo "1527"]
[BlackElo "1838"]

1. e4 c6 2. Nf3 d5 3. d3 dxe4 4. Ng5 Nf6 5. Nc3 Bf5 6. Ngxe4 Nxe4 7. Nxe4 Nd7 8.
Ng3 Bg6 9. Be2 e6 10. O-O Qc7 11. Re1 1-0

[Event "AUTO-OPEN-4477"]
[Site "http://www.queenalice.com/game.php?id=1822351"]
[Date "2023.10.4"]
[Round "1"]
[White "sivip"]
[Black "rockaudrey"]
[Result "0-1"]
[WhiteElo "1868"]
[BlackElo "1497"]

1. e4 c5 2. Nf3 d6 3. Bb5+ Bd7 4. Bxd7+ Nxd7 5. O-O Ngf6 6. Qe2 g6 7. c3 Bg7 8.
d4 cxd4 9. cxd4 O-O 10. Nc3 a6 11. h3 Rc8 0-1

[Event "AUTO-OPEN-4477"]
[Site "http://www.queenalice.com/game.php?id=1822360"]
[Date "2023.10.4"]
[Round "1"]
[White "ALDROB"]
[Black "sivip"]
[Result "1-0"]
[WhiteElo "1857"]
[BlackElo "1885"]

1. c4 e6 2. d4 d5 3. Nc3 Nf6 4. Bg5 dxc4 5. e3 c5 6. Bxc4 cxd4 7. exd4 Nc6 8.
Nf3 Be7 9. O-O O-O 10. a3 a6 11. Rc1 b5 12. Ba2 Bb7 13. Bb1 Rc8 14. Bxf6 Bxf6
15. Qc2 g6 16. Rfd1 1-0

[Event "AUTO-OPEN-4477"]
[Site "http://www.queenalice.com/game.php?id=1822361"]
[Date "2023.10.4"]
[Round "1"]
[White "sivip"]
[Black "ALDROB"]
[Result "0-1"]
[WhiteElo "1904"]
[BlackElo "1838"]

1. e4 e5 2. Nf3 Nc6 3. Bb5 a6 4. Ba4 Nf6 5. d3 Be7 6. Bxc6 dxc6 7. Nxe5 O-O 8.
O-O Bd6 9. Nf3 Bg4 10. h3 Be6 11. e5 Bc5 12. exf6 Qxf6 13. Nc3 Rad8 14. Ne4 Qf5
15. Nxc5 Qg6 16. Nxe6 fxe6 0-1

[Event "AUTO-MASTER-3186"]
[Site "http://www.queenalice.com/game.php?id=1822543"]
[Date "2023.10.7"]
[Round "1"]
[White "Guilherme_Ottoni"]
[Black "sivip"]
[Result "1-0"]
[WhiteElo "2277"]
[BlackElo "1970"]

1. e4 c6 2. d4 d5 3. exd5 cxd5 4. c4 Nf6 5. Nc3 Nc6 6. Bg5 dxc4 7. d5 Ne5 8. Qd4
h6 9. Bf4 Ng6 10. Bxc4 Nxf4 11. Qxf4 Bd7 12. Nf3 1-0

[Event "AUTO-MASTER-3186"]
[Site "http://www.queenalice.com/game.php?id=1822544"]
[Date "2023.10.7"]
[Round "1"]
[White "sivip"]
[Black "Guilherme_Ottoni"]
[Result "0-1"]
[WhiteElo "1966"]
[BlackElo "2280"]

1. e4 c5 2. Nf3 d6 3. Bb5+ Bd7 4. Bxd7+ Qxd7 5. c4 Nf6 6. Nc3 Nc6 7. d4 cxd4 8.
Nxd4 g6 9. f3 Bg7 10. Be3 O-O 11. O-O Rfc8 12. b3 a6 0-1